इन्सान की कहानी (Record no. 1214614)

MARC details
000 -LEADER
fixed length control field 00676nam a2200193Ia 4500
008 - FIXED-LENGTH DATA ELEMENTS--GENERAL INFORMATION
fixed length control field 151121s9999||||xx |||||||||||||| ||und||
082 ## - DEWEY DECIMAL CLASSIFICATION NUMBER
Classification number 834/आनंद
082 ## - DEWEY DECIMAL CLASSIFICATION NUMBER
Item number HNW-8046
100 ## - MAIN ENTRY--PERSONAL NAME
Personal name आनंद मुल्कराज
245 ## - TITLE STATEMENT
Title इन्सान की कहानी
260 ## - PUBLICATION, DISTRIBUTION, ETC. (IMPRINT)
Name of publisher, distributor, etc "राजकमल प्रकाशन प्रा। लि।, दिल्ली।"
260 ## - PUBLICATION, DISTRIBUTION, ETC. (IMPRINT)
Date of publication, distribution, etc --
300 ## - PHYSICAL DESCRIPTION
Extent 178
600 ## - SUBJECT ADDED ENTRY--PERSONAL NAME
Personal name आनंद मुल्कराज
630 ## - SUBJECT ADDED ENTRY--UNIFORM TITLE
Uniform title इन्सान की कहानी
700 ## - ADDED ENTRY--PERSONAL NAME
Personal name आनंद मुल्कराज
730 ## - ADDED ENTRY--UNIFORM TITLE
Uniform title इन्सान की कहानी
942 ## - ADDED ENTRY ELEMENTS (KOHA)
Koha item type Book
Holdings
Withdrawn status Lost status Damaged status Not for loan Home library Current library Date acquired Cost, normal purchase price Total Checkouts Full call number Barcode Date last seen Cost, replacement price Price effective from Koha item type
        Hirachand Nemchand Wachanalaya, Solapur Hirachand Nemchand Wachanalaya, Solapur 11/21/2015 3.00   HNW-8046 HNW-8046 11/21/2015 3.00 11/21/2015 Book